Water resources (Record no. 305165)
[ view plain ]
| 000 -LEADER | |
|---|---|
| fixed length control field | 00919nam a22002417a 4500 |
| 003 - CONTROL NUMBER IDENTIFIER | |
| control field | LC |
| 005 - DATE AND TIME OF LATEST TRANSACTION | |
| control field | 20161103101621.0 |
| 008 - FIXED-LENGTH DATA ELEMENTS--GENERAL INFORMATION | |
| fixed length control field | 161103b xxu||||| |||| 00| 0 eng d |
| 020 ## - INTERNATIONAL STANDARD BOOK NUMBER | |
| International Standard Book Number | 9780736297493 |
| 050 ## - LIBRARY OF CONGRESS CALL NUMBER | |
| Classification number | TD 348 |
| Item number | .W324 2014 |
| 245 ## - TITLE STATEMENT | |
| Title | Water resources |
| Statement of responsibility, etc | content consultant, Andrew J. Milson, Ph.D. |
| 246 ## - VARYING FORM OF TITLE | |
| Title proper/short title | National Geographic : |
| Remainder of title | global issues |
| Display text | At head of title: |
| 300 ## - PHYSICAL DESCRIPTION | |
| Extent | 3 volumes : |
| Other physical details | color illustrations, color map ; |
| Dimensions | 25 cm. |
| 490 ## - SERIES STATEMENT | |
| Series statement | Global issues |
| 500 ## - GENERAL NOTE | |
| General note | Includes index. |
| 500 ## - GENERAL NOTE | |
| General note | "Three reading levels (on level, below level, and above level) to reach every student"--Publisher's Web site. |
| 650 ## - SUBJECT ADDED ENTRY--TOPICAL TERM | |
| Topical term or geographic name as entry element | Water resources |
| General subdivision | Study and teaching (Middle school) |
| 650 ## - SUBJECT ADDED ENTRY--TOPICAL TERM | |
| Topical term or geographic name as entry element | Water supply |
| General subdivision | Juvenile literature |
| 650 ## - SUBJECT ADDED ENTRY--TOPICAL TERM | |
| Topical term or geographic name as entry element | Social sciences |
| General subdivision | Textbooks. |
| 700 ## - ADDED ENTRY--PERSONAL NAME | |
| Personal name | Milson, Andrew J., |
| Relator term | consultant. |
| 710 ## - ADDED ENTRY--CORPORATE NAME | |
| Corporate name or jurisdiction name as entry element | National Geographic Learning (Firm) |
| 942 ## - ADDED ENTRY ELEMENTS (KOHA) | |
| Source of classification or shelving scheme | Library of Congress Classification |
| Koha item type | Books |
| Withdrawn status | Lost status | Source of classification or shelving scheme | Damaged status | Home library | Current library | Shelving location | Date acquired | Source of acquisition | Sub Shelving location | Total Checkouts | Full call number | Barcode | Date last seen | Price effective from | Koha item type |
|---|---|---|---|---|---|---|---|---|---|---|---|---|---|---|---|
| Library of Congress Classification | Luxembourg Library | Luxembourg Library | High School Section | 11/03/2016 | Library Fund | TD 348 .W324 2014 | 20340 | 11/03/2016 | 11/03/2016 | Books |